| 000 | 03444njm a2200541Ia 4500 | ||
|---|---|---|---|
| 001 | 24690 | ||
| 003 | IT-RoPAU | ||
| 005 | 20220918181120.0 | ||
| 008 | 131025s9999 xx 000 0 und d | ||
| 040 | _aIT-RoPAU | ||
| 040 | _cIT-RoPAU | ||
| 041 | _aITALIANO | ||
| 999 |
_c99699 _d99699 |
||
| 999 | _bn.d. | ||
| 100 |
_aAA.VV. _9794 |
||
| 100 |
_eAutore musica _911733 |
||
| 100 |
_gCodice autore musica SPICS: 12000 _9796 |
||
| 245 | _aRecital di Luciano Virgili | ||
| 250 | _a2a ed. | ||
| 260 | _aITALIA | ||
| 260 |
_bFAMILY RECORDS _c1972 [1a Ed.:1969 - Ed. Lingua Orig.: 1969] |
||
| 300 | _aDISCO | ||
| 300 | _c32 minuti (Testo: pag.) | ||
| 500 | _aCanzone italiana. Recital | ||
| 505 | _aPrigioniero di un sogno (3:00) - Arrotino (4:00) - Piccola (2:00) - Il tango del cuore (3:00) - Campane fiorentine (3:00) - Quando dicesti si (3:00) - Serenata delle serenate (4:00) - Nulla (3:00) - Per un filino d'erba (3:00) - Cenere (3:00) - La mia storia (3:00) - Ho sognato Firenze (3:00) | ||
| 650 |
_aRECITAL [DISCHI] _eCodice MATERIA SPICS: 9950 _95434 |
||
| 700 |
_aVirgili Luciano _gCodice interprete SPICS: 9678 _eInterprete _911734 |
||
| 700 |
_aInnocenzi Carlo _gCodice autore musica SPICS: 13493 _eAutore musica _pPrigioniero di un sogno - Serenata delle serenate _911735 |
||
| 700 |
_aMorbelli Riccardo _gCodice autore testo/musica SPICS: 13446 _eAutore testo/musica _pPrigioniero di un sogno _911736 |
||
| 700 |
_aBracchi Alfredo _gCodice autore musica SPICS: 13448 _eAutore musica _pArrotino _911737 |
||
| 700 |
_aMartinelli Ferruccio _gCodice autore testo/musica SPICS: 15762 _eAutore testo/musica _pArrotino _911738 |
||
| 700 |
_aPizzigoni _gCodice autore musica SPICS: 13516 _eAutore musica _pPiccola _911739 |
||
| 700 |
_aTestoni Giancarlo _gCodice autore testo/musica SPICS: 13524 _eAutore testo/musica _pPiccola - La mia storia _911740 |
||
| 700 |
_aMedini _gCodice autore musica SPICS: 15783 _eAutore musica _pIl tango del cuore _911741 |
||
| 700 |
_aPetruzzelli _gCodice autore testo/musica SPICS: 15784 _eAutore testo/musica _pIl tango del cuore _911742 |
||
| 700 |
_aTettoni Ferdinando _gCodice autore musica SPICS: 13515 _eAutore musica _pCampane fiorentine _911743 |
||
| 700 |
_aSeren Gay Domenico _gCodice autore SPICS: 27457 _eAutore _pCampane fiorentine - Quando dicesti si - Nulla - La mia storia _911744 |
||
| 700 |
_aChiri _gCodice autore testo/musica SPICS: 13539 _eAutore testo/musica _pCampane fiorentine _911745 |
||
| 700 |
_aDe Lorenzo _gCodice autore musica SPICS: 15786 _eAutore musica _pQuando dicesti si - Per un filino d'erba - Ho sognato Firenze _911746 |
||
| 700 |
_aOlivares _gCodice autore testo/musica SPICS: 15785 _eAutore testo/musica _pQuando dicesti si - Per un filino d'erba - Ho sognato Firenze _911747 |
||
| 700 |
_aInnocenzi Carlo _gCodice autore musica SPICS: 13493 _eAutore musica _pSerenata delle serenate _911748 |
||
| 700 |
_aCherubini Bixio _gCodice autore testo/musica SPICS: 13442 _eAutore testo/musica _pSerenata delle serenate - Cenere _911749 |
||
| 700 |
_aQuattrini _gCodice autore musica SPICS: 15788 _eAutore musica _pNulla _911750 |
||
| 700 |
_aCasasco _gCodice autore SPICS: 15787 _eAutore _pNulla _911751 |
||
| 700 |
_aCapotosti _gCodice autore SPICS: 22717 _eAutore _pPer un filino d'erba - Ho sognato Firenze _911752 |
||
| 700 |
_aPiubeni _gCodice autore musica SPICS: 15789 _eAutore musica _pCenere _911753 |
||
| 700 |
_aBassi _gCodice autore musica SPICS: 15753 _eAutore musica _pLa mia storia _911754 |
||
| 942 |
_cMD _2ddc |
||